|
|
|
|
| LEADER |
00000nam a2200000 a 4500 |
| 001 |
UCV9286 |
| 003 |
CL-VaPUC |
| 005 |
20220503172427.0 |
| 008 |
920803e19600000SP |||||||||||||||||spa|d |
| 999 |
|
|
|c 214648
|d 214646
|
| 040 |
|
|
|c Pontificia Universidad Católica de Valparaíso
|
| 082 |
0 |
4 |
|a 937 HOM 1960
|2 21
|
| 100 |
|
|
|a Homo, León
|e autor
|9 439461
|
| 245 |
1 |
0 |
|a Nueva historia de Roma
|
| 250 |
|
|
|a Cuarta edición
|
| 260 |
|
|
|a Barcelona, España
|b Iberia
|c 1960
|
| 300 |
|
|
|a 470 páginas
|
| 583 |
|
|
|a last modification
|c 19920803 00:00:00
|k Rodrigo Vera
|
| 650 |
|
0 |
|a Historia de Roma
|9 255047
|
| 942 |
|
|
|c BK
|2 ddc
|
| 945 |
|
|
|d 19920803 00:00:00
|
| 952 |
|
|
|0 0
|1 0
|2 ddc
|4 0
|6 937_000000000000000_HOM_1960
|7 0
|8 A
|9 198238
|a BIBARQ
|b BIBARQ
|d 2019-11-14
|i 2657708
|o 937 HOM 1960
|p 2657708
|r 2025-01-20
|t 1
|w 2019-11-14
|y BK
|k ARQ
|